| 000 | 00463nam a2200181 i 4500 | ||
|---|---|---|---|
| 001 | bg | ||
| 100 | 1 | _aBERNAS, Stefan | |
| 245 | 0 |
_aLaboratorium elektroenergetyczne / _cStefan Bernas, Marian Namiotkiewicz, Janusz Pająk. |
|
| 250 | _aWyd.2. | ||
| 260 |
_aWarszawa, _c1969. |
||
| 700 | 1 | _aNAMIOTKIEWICZ, Marian | |
| 700 | 1 | _aPAJĄK, Janusz | |
| 040 | _cBPK | ||
| 041 | _apol | ||
| 080 | _a621.31 | ||
| 942 | _cKS | ||
| 008 | s pl f |000 0 pol | ||
| 999 |
_c7525 _d7525 |
||
| 856 |
_uhttp://koha.tu.koszalin.pl/cgi-bin/koha/opac-detail.pl?biblionumber=7525 _yKatalog online BPK |
||